Egyptian days /
Main Author:
Format: Book
Language: English
Published:
Boston ; New York :
Houghton Mifflin Company,
1912.
Subjects:
Tags: Add Tag
Call Number: DT55 .M17 1912
| LEADER | 00666namaa2200217 4500 | ||
|---|---|---|---|
| 001 | 18950 | ||
| 003 | OSt | ||
| 005 | 20260329084557.0 | ||
| 008 | 130303s1912 mauabf 000 0 eng d | ||
| 010 | |a 12023500 | ||
| 040 | |c ARCE Library | ||
| 043 | |a f-ua--- | ||
| 050 | 4 | |a DT55 .M17 1912 | |
| 100 | 1 | |a Marden, Philip Sanford, |d 1874-1963, |e author |9 35390 | |
| 245 | 1 | 0 | |a Egyptian days / |c by Philip Sanford Marden. |
| 264 | 1 | |a Boston ; |a New York : |b Houghton Mifflin Company, |c 1912. | |
| 300 | |a xii, 329, [1] pages : |b illustrations, plates (part double), maps ; |c 22 cm. | ||
| 651 | 0 | |a Egypt |x Description and travel. | |
| 901 | |a reviewed | ||
| 942 | |c BK |2 lcc | ||
| 999 | |c 15998 |d 15998 | ||
